000 00378nam a2200145 i 4500
001 bg
100 1 _aKONIG, Gert
245 0 _aZur statistischen Sichereitstheorie im Stahl betonbau /
_cGert Konig, Michael Heunisch.
260 _aBerlin,
_c1972.
700 1 _aHEUNISCH, Michael
040 _cBPK
041 _apol
942 _cKS
008 s pl f |000 0 pol
999 _c18220
_d18220
856 _uhttp://koha.tu.koszalin.pl/cgi-bin/koha/opac-detail.pl?biblionumber=18220
_yKatalog online BPK